000 00586cam a22002053a 4500
001 40666
003 PGUSA
005 20140828083916.0
008 120905s2012||||xxu|||||s|||||000 | eng d
040 _aPGUSA
_beng
042 _adc
100 1 _aGaris, Cleo
245 1 0 _aMissing at Marshlands :
_bArden Blake Mystery Series #3
_h[electronic resource] /
_cCleo Garis
260 _bProject Gutenberg,
_c2012
506 _aPublic domain in the USA.
516 _aElectronic text
830 0 _aProject Gutenberg
_v40666
856 4 0 _uhttp://www.gutenberg.org/ebooks/40666
942 _cEB
999 _c269919
_d269919